000 00307nam a2200121 i 4500
001 bg
245 0 _aLaboratorium podstaw elektroniki i energoelektroniki /
_cpod red.A. Opolskiego.
260 _aGdaƄsk,
_c1983.
040 _cBPK
041 _apol
942 _cKS
008 s pl f |000 0 pol
999 _c2299
_d2299
856 _uhttp://koha.tu.koszalin.pl/cgi-bin/koha/opac-detail.pl?biblionumber=2299
_yKatalog online BPK